[Event "Moscow-ch61"]
[Site "Moscow"]
[Date "1983.01.??"]
[Round "?"]
[White "Berkovich, Mark A"]
[Black "Zaitsev, Igor A"]
[Result "1-0"]
[WhiteElo "2390"]
[BlackElo "2445"]
[Annotator "Berkovich,M"]
[PlyCount "75"]
[EventDate "1983.01.??"]
[EventType "tourn"]
[EventRounds "17"]
[EventCountry "URS"]
[SourceTitle "EXT 2002"]
[Source "ChessBase"]
[SourceDate "2001.11.25"]
[SourceVersion "1"]
[SourceVersionDate "2001.11.25"]
[SourceQuality "1"]

1. e4 e5 2. Nf3 Nc6 3. Bb5 a6 4. Ba4 Nf6 5. d4 exd4 6. O-O Be7 7. Re1 O-O (7...
b5 8. e5 (8. Bb3 d6 9. Bd5 Bd7 (9... Nxd5 10. exd5 Ne5 11. Nxd4 O-O 12. a4 {
Honfi-Segi Subbotica 1978}) 10. Nxd4 Nxd5 11. Nxc6 Bxc6 12. exd5 Bb7 (12... Bd7
$6 13. Qe2) 13. Bg5 f6 14. Be3 {Gipslis-Sturua Tbilissi 1981} (14. Bxf6 $5 gxf6
15. Qh5+ {Georgadze-Ozolinsh 1982})) 8... Nxe5 9. Rxe5 d6 10. Re1 bxa4 11. Nxd4
Bd7 12. Qf3 O-O 13. Nc3 $5 (13. Nc6) 13... Rb8 (13... Re8) 14. Nc6 Bxc6 15.
Qxc6 a3 16. b3 Rb6 17. Qa4 {Baikov-Dolgopolov Orenburg 1980 Berkovich,M:
'Baikov-Dolgopolov/Orenburg 1980 '}) 8. e5 Ne8 9. c3 b5 $5 (9... dxc3 10. Nxc3
d6 11. exd6 Nxd6 12. Nd5 (12. Bf4 {Romanishin-Tukmakov URS-ch48}) 12... Be6 13.
Bxc6 bxc6 14. Nxe7+ Qxe7 15. Ng5 {Timman-Beliavsky Moscow 1981}) (9... d6 10.
exd6 Bxd6 11. Bg5 f6 12. Bh4 d3 13. Re3 Bf5 14. Bxc6 bxc6 15. Nd4 Bg6 $5 16.
Ne6 Qd7 17. Nxf8 Kxf8 18. Bg3 Bc5 {[%cal Ge8d6,Gd6f5] Berkovich,M-Karadimov
Bulgaria 1982}) 10. Bb3 d5 11. cxd4 (11. Nxd4 Nxd4 12. cxd4 Bf5) 11... Bg4 12.
Nc3 Bb4 13. a3 Ba5 (13... Bxf3 14. Qxf3 Nxd4 15. Qxd5 Bxc3 16. bxc3 Nxb3 17.
Qxb3) (13... Bxc3 $5) 14. Be3 Bxc3 (14... Ne7 15. Rc1) 15. bxc3 f5 $6 (15...
Na5 {[%cal Gc7c6,Ye8c7,Yc7e6]}) 16. Bg5 $1 Qd7 (16... Bxf3 $2 17. Bxd8 Bxd1 18.
Bxd5+) 17. h3 Bh5 18. e6 Qd6 19. e7 Rf7 {Berkovich,M: '[#]' [#]} 20. Re5 $1 (
20. g4 fxg4 21. Ne5 Nxe5 (21... Rxf2 22. hxg4 $1) (21... g3 $1 22. Qxh5 (22. f3
$5 {:Laios} Rf5 23. Bh4) 22... gxf2+ 23. Kh2 (23. Kg2 fxe1=N+ $1) 23... g6 $1)
(21... Rf5 $145) 22. Rxe5 (22. dxe5 Qg6 $1) 22... c6 23. hxg4) 20... Bxf3 (
20... Nxe5 21. dxe5) 21. Qxf3 Nxe5 22. dxe5 Qxe5 23. Bxd5 Rb8 (23... c6 24.
Bxc6 $1 Rc8 25. Bd7 $1 Rb8 (25... Rxc3 26. Qa8 $1) 26. Rd1 Rxe7 27. Bxe7 Qxe7
28. Bxf5) 24. Rd1 Nd6 25. Qh5 g6 (25... f4 $2 26. Bxf7+ Nxf7 27. Rd8+ $1 Rxd8 (
27... Nxd8 28. Qe8#) 28. Qxf7+ $1) 26. Qh4 {(/\ 27.Bf6 Qe2 28.Rd4 ->)} Kg7 27.
Qh6+ Kg8 28. Bxf7+ Kxf7 (28... Nxf7 {'>=' Berkovich,M.} 29. Rd8+) 29. Qxh7+ Qg7
30. Qh4 Qxc3 31. Rc1 Qh8 32. Qxh8 (32. Qg3 {[%cal Gg3b3]}) 32... Rxh8 33. Rxc7
Rc8 (33... Re8 34. f4 $1 Ne4 35. Bh4 {'+-' Berkovich,M.} Rh8 $2 36. e8=Q+) 34.
Rd7 Rc6 (34... Ne8 35. Ra7 Rc6 36. Ra8) 35. Rd8 Ne8 36. Ra8 Re6 37. f3 Nf6 $2
38. Bxf6 1-0

[Event "Muenster"]
[Site "Muenster"]
[Date "1992.??.??"]
[Round "4"]
[White "Luecke, Norbert"]
[Black "Blatny, Pavel"]
[Result "0-1"]
[WhiteElo "2410"]
[BlackElo "2515"]
[Annotator "Blatny,P"]
[PlyCount "50"]
[EventDate "1992.07.??"]
[EventType "tourn"]
[EventRounds "11"]
[EventCountry "GER"]
[EventCategory "8"]
[SourceTitle "CBM 031"]
[Source "ChessBase"]
[SourceDate "1992.12.01"]
[SourceVersion "1"]
[SourceVersionDate "1992.12.01"]
[SourceQuality "1"]

1. e4 {Ernst} e5 2. Nf3 Nc6 3. Bb5 a6 4. Ba4 Nf6 5. d4 exd4 6. O-O Be7 7. Re1
b5 8. e5 (8. Bb3 {Ernst} d6 9. Bd5 Bd7 10. Bxc6 (10. Nxd4 {Ernst} Nxd5 11. Nxc6
Bxc6 12. exd5 Bb7 13. a4 O-O 14. axb5 axb5 15. Rxa8 Bxa8 16. Qe2 Bf6 17. Qxb5
c6 $1 18. dxc6 Qc7 $44 {Ivanchuk,V-Blatny,P/Sharjah/1985/}) 10... Bxc6 11. Nxd4
Bd7 12. Nc3 O-O 13. Bf4 Re8 $10 {Matulovic,M-Hecht,HJ/EU-chT Hamburg/1965/})
8... Nxe5 9. Rxe5 (9. Nxe5 {Ernst} bxa4 10. Qxd4 O-O 11. Qxa4 Rb8 $1 12. Nc3
Rb4 13. Qa5 Bb7 14. f3 Rh4 $1 15. a3 Rh5 $17 {Shrentzel-Shvidler/ISR/1985/})
9... d6 10. Re1 bxa4 11. Nxd4 Bd7 12. Qf3 O-O 13. Nc6 Bxc6 14. Qxc6 Rb8 $5 (
14... Nd7 15. Nc3 Bf6 (15... a3 16. b3 Ne5 (16... Bf6 $142 17. Bxa3 Nc5 $10)
17. Qe4 f5 $6 18. Qd5+ Kh8 19. Bxa3 c6 20. Qd2 Qa5 21. Bb2 Bf6 22. Rad1 Rad8
23. Na4 Qc7 $2 (23... Qxd2 $14) 24. Bc3 $16 {Zude-Smejkal, BL 89/90}) 16. Nd5
a3 17. Nxf6+ Qxf6 18. Qxd7 axb2 19. Bxb2 Qxb2 20. Qxc7 $10 {Lanzani-Lukacs,
Roma 1988}) (14... d5 15. Qxa4 (15. Bg5 {Ernst} a3 16. Nxa3 Qd6 17. Qxd6 Bxd6
18. Rad1 Rab8 $1 19. Bxf6 gxf6 20. Rxd5 Rfd8 $1 $15 {Khasanov-Kaidanov/URS/
1985/}) 15... Ne4 16. Nd2 Nc5 17. Qd4 Ne6 18. Qg4 Bf6 19. Nf1 Rb8 20. c3 $10 {
Thiel-Becker, 2.BL 89/90}) 15. Nc3 $146 (15. Qxa4 d5 16. c3 Ne4 17. Qc2 Bd6 18.
Be3 Qh4 19. g3 Qh3 20. Nd2 f5 21. f4 $2 Nxg3 $1 22. hxg3 Qxg3+ 23. Kf1 Rbe8 24.
Qd3 c6 25. Qd4 Rf6 26. Ke2 Bxf4 $19 {Gallego-Morris, Andorra 1991}) 15... a3
16. b3 $8 Rb6 (16... d5 $5 17. Qxa6 $140 Bb4 18. Bd2 $8 Rb6 $36) 17. Qa4 d5 18.
Bxa3 Bxa3 19. Qxa3 Rc6 $1 20. Ne2 $1 (20. Qb4 $2 d4 21. Ne2 Rxc2 {--> game}) (
20. Qb2 Ng4 $40) 20... d4 $5 21. Qb4 $2 (21. Rad1 $2 Re8 {/\Rce6 -/+/-+ פe2})
(21. Qa4 $8 Rd6 {/\c5=/+ () _|_}) 21... Rxc2 $1 22. Qa4 (22. Nxd4 $2 c5 $19) (
22. Qxd4 Rxe2 $1 $19) 22... c5 23. Qxa6 d3 24. Nf4 d2 $19 25. Red1 Re8 {
/\Ne4-c3} 0-1

[Event "EU-chT (Men) 10th"]
[Site "Debrecen"]
[Date "1992.11.??"]
[Round "7.3"]
[White "Romanishin, Oleg M"]
[Black "Nunn, John DM"]
[Result "1-0"]
[WhiteElo "2595"]
[BlackElo "2615"]
[Annotator "Bulletin"]
[PlyCount "145"]
[EventDate "1992.11.20"]
[EventType "team-swiss"]
[EventRounds "9"]
[EventCountry "HUN"]
[SourceTitle "EU-chT"]
[Source "ChessBase"]
[SourceDate "1999.07.01"]
[SourceVersion "2"]
[SourceVersionDate "1999.07.01"]
[SourceQuality "1"]
[WhiteTeam "Ukraine"]
[BlackTeam "England"]
[WhiteTeamCountry "UKR"]
[BlackTeamCountry "ENG"]

1. e4 e5 2. Nf3 Nc6 3. Bb5 a6 4. Ba4 Nf6 5. O-O Be7 6. d3 (6. Re1 {main line})
6... b5 7. Bb3 O-O 8. a4 Rb8 9. axb5 axb5 10. Nc3 d6 11. h3 $5 (11. Nd5) 11...
Be6 (11... Nd4 $142 12. Nxd4 exd4 13. Ne2 (13. Nd5 Nxd5 14. Bxd5 Be6) 13... c5
14. Bg5 Be6) 12. Nd5 $1 Bxd5 $6 (12... Qd7 $6 13. c3) (12... Nd4 13. Nxd4 exd4
14. Bd2 $5 (14. Nb4 Qd7 15. Bd5 c5 $1 16. Nc6 Rbc8) 14... Nxd5 (14... Bxd5 15.
exd5 Nd7 16. Ra5 Nc5 17. Ba2 $5 {/\ b4} (17. Qg4 Bf6 18. Rfa1 Qc8 19. Ra7 $14))
15. exd5 Bd7 16. Ra5 Ra8 17. Qa1 $14 {|^<->a}) 13. exd5 Nb4 14. d4 (14. Nh4 $5
Qd7 $1 (14... g6 15. Bh6 $1 Re8 16. Qf3 Nbxd5 17. Nf5 $1) 15. Qf3 Nbxd5 16. Nf5
Nf4 $1) 14... e4 15. Ng5 c5 {/\ 16.dc6 d5!} (15... Nbxd5 16. Nxe4 Nxe4 17. Bxd5
Nf6 18. Bc6 $5 (18. Qf3 Nxd5 19. Qxd5 Qd7 20. Ra7 $14) 18... d5 19. Qd3 $14)
16. c3 Nbxd5 (16... c4 17. cxb4 cxb3 18. Re1 $16) 17. dxc5 dxc5 18. Nxe4 c4 19.
Bc2 b4 20. Qf3 Ra8 21. Rxa8 Qxa8 22. cxb4 $2 (22. Nxf6+ Nxf6 23. Qe2 $16) 22...
Nxb4 23. Nxf6+ Bxf6 24. Be4 Qa6 25. Rd1 Nd3 $2 (25... Re8 $10) 26. Bxd3 cxd3
27. Qxd3 Qxd3 28. Rxd3 Rc8 29. Rd1 Rb8 30. Re1 $1 g5 $8 (30... h6 31. Re2 Rc8
32. Bf4) 31. Re2 Rc8 32. Bd2 Bxb2 33. Bxg5 $14 Bg7 34. g3 h6 35. Bf4 Kh7 36.
Rd2 Rc6 37. Rd5 Kg6 38. g4 Bf6 39. Kg2 Bg5 40. Bg3 Be7 41. h4 Rc4 42. Rd7 Bf6
43. f4 Rc5 44. Rd6 Kg7 45. Bf2 Ra5 (45... Rc4 $1 46. g5 (46. Kf3 Rc3+ 47. Ke4
Rc2) 46... hxg5 47. hxg5 Bb2 $1 (47... Bxg5 $2 48. Bd4+) (47... Be7 48. Bd4+ {
/\ Rd5}) 48. Kf3 f6 $10) 46. Rd3 $1 Rb5 47. Kg3 Ra5 48. Bb6 Rb5 49. Be3 Bb2 50.
Kf3 Ba1 51. Rd1 Bc3 52. Rc1 Rb3 53. Ke4 Rb4+ 54. Kd3 Bf6 55. g5 hxg5 56. hxg5
Bd8 (56... Bb2 $8) 57. Rc6 $1 $16 Rb3+ 58. Ke4 f5+ $2 $18 59. Kf3 Be7 60. Rc7
Kf8 61. Ke2 Rb2+ 62. Kd3 Rb3+ 63. Kd2 Ke8 64. Bc5 Bd8 65. Rg7 $1 Ba5+ 66. Ke2
Rb2+ 67. Kd3 Rd2+ 68. Kc4 Re2 69. g6 Re4+ 70. Kd3 Rxf4 71. Re7+ Kd8 72. g7 Rg4
73. Rf7 1-0

[Event "Hoogovens"]
[Site "Wijk aan Zee"]
[Date "1977.01.25"]
[Round "10"]
[White "Geller, Efim P"]
[Black "Kurajica, Bojan"]
[Result "1-0"]
[WhiteElo "2590"]
[BlackElo "2530"]
[Annotator "Bulletin"]
[PlyCount "91"]
[EventDate "1977.01.14"]
[EventType "tourn"]
[EventRounds "11"]
[EventCountry "NED"]
[EventCategory "11"]
[SourceTitle "MCL"]
[Source "ChessBase"]
[SourceDate "1999.07.01"]
[SourceVersion "1"]
[SourceVersionDate "1999.07.01"]
[SourceQuality "1"]

1. e4 e5 2. Nf3 Nc6 3. Bb5 a6 4. Ba4 Nf6 5. O-O Nxe4 6. d4 Be7 $6 7. Re1 f5 8.
dxe5 O-O $6 (8... Nc5 $5) 9. Bb3+ Kh8 10. Nc3 $1 Nxc3 11. bxc3 h6 12. a4 a5 $2
13. Rb1 b6 14. Bd5 Bb7 15. Nd4 Rb8 16. Nb5 Bc5 17. Qh5 Qe8 18. Qxe8 Rfxe8 19.
Nxc7 Rxe5 20. Bf4 Rxe1+ 21. Rxe1 g5 $2 (21... Rf8 $5) 22. Na6 $1 Rc8 23. Nxc5
bxc5 24. Bd6 Kh7 25. c4 Ba6 26. c3 Kg6 27. f3 h5 28. h4 $1 gxh4 29. Kh2 Nd8 30.
Rb1 Rc6 31. Be7 Ne6 32. Bxc6 dxc6 33. Rb6 Bxc4 34. Rxc6 Kf7 35. Bxh4 Bb3 36.
Ra6 Bxa4 37. Rxa5 Bc2 38. Bf2 c4 39. Kg3 Bd3 40. Be3 Kg6 41. Kh4 Bf1 42. Ra1 f4
43. Bd4 Bd3 44. Ra6 Kf5 45. Kxh5 Nxd4 46. cxd4 1-0

[Event "Dilijan FIDE GP (Women)"]
[Site "Dilijan"]
[Date "2013.06.16"]
[Round "1"]
[White "Kosintseva, Tatiana"]
[Black "Khotenashvili, Bela"]
[Result "1-0"]
[WhiteElo "2526"]
[BlackElo "2531"]
[Annotator "CB"]
[PlyCount "169"]
[EventDate "2013.06.16"]
[EventType "tourn"]
[EventRounds "11"]
[EventCountry "ARM"]
[EventCategory "11"]
[SourceTitle "CBM 155"]
[Source "ChessBase"]
[SourceDate "2013.07.16"]
[SourceVersion "1"]
[SourceVersionDate "2013.07.16"]
[SourceQuality "1"]

1. e4 e5 2. Nf3 Nc6 3. Bb5 a6 4. Ba4 Nf6 5. O-O Be7 6. d3 b5 7. Bb3 d6 8. a4 b4
9. a5 O-O 10. Nbd2 Rb8 11. h3 h6 12. Nc4 Be6 13. Be3 Qc8 14. Nfd2 d5 15. Ba4
Bd7 16. Bxc6 Bxc6 17. Nxe5 Ba8 18. exd5 Nxd5 19. Ndc4 Rb5 20. Re1 Nxe3 21. Rxe3
Bg5 22. Re1 Qb7 23. Qf3 Qa7 24. Qg3 Qd4 25. Qg4 Qd5 26. Nf3 Bf6 27. Nce5 Rd8
28. Rad1 Rxa5 29. Qxb4 Rb5 30. Qc3 Rc5 31. Qd2 Qb7 32. Ng4 Bxb2 33. Rb1 Bc3 34.
Qf4 Qd5 35. Re7 Rf8 36. Ne3 Qa2 ({Black could have won with} 36... Qd8 {
trapping the rook. Khotenashvili missed this opportunity, but this wasn't the
end of her bad luck in this round.}) 37. Rd1 Bxf3 38. Qxf3 Bf6 39. Re4 Bg5 40.
c4 Qb3 41. d4 Rc6 42. c5 a5 43. h4 Bxe3 44. Rxe3 Qb5 45. Rb3 Qa6 46. Ra3 Rf6
47. Qd3 Qa8 48. d5 Rd8 49. Qc4 h5 50. Rad3 Qc8 51. c6 Qf5 52. Rf3 Qe5 53. Rxf6
Qxf6 54. g3 Qd6 55. Qe4 Ra8 56. Qa4 Qc5 57. Qf4 Qe7 58. Rd4 Rd8 59. Kg2 Rd6 60.
Qd2 Qd8 $4 {This time ...Qd8 is a mistake, since it simplz leaves the a-pawn
unprotected.} 61. Qxa5 g6 62. Qc5 Qa8 63. Re4 Qd8 64. Rd4 Qe8 65. Qc2 Qe5 66.
Qd2 Kg7 67. Rd3 Qe4+ 68. Kh2 Qf5 69. Kg1 Qe5 70. Qd1 Qf5 71. Qa1+ Kh7 72. Qd4
Rd8 73. Kg2 Kg8 74. Rd2 Rd6 75. Kh2 Kh7 76. Kg1 Qb1+ 77. Kg2 Qf5 78. Rd3 Rf6
79. Ra3 Rd6 80. Rf3 Qxd5 81. Qxd5 Rxd5 82. Rxf7+ Kh6 83. Rxc7 Rc5 84. Kf3 Rc2
85. Ke4 1-0

[Event "Poikovsky Karpov 14th"]
[Site "Poikovsky"]
[Date "2013.09.03"]
[Round "6"]
[White "Motylev, Alexander"]
[Black "Eljanov, Pavel"]
[Result "1-0"]
[WhiteElo "2663"]
[BlackElo "2702"]
[Annotator "CB"]
[PlyCount "63"]
[EventDate "2013.08.28"]
[EventType "tourn"]
[EventRounds "9"]
[EventCountry "RUS"]
[EventCategory "18"]
[SourceTitle "CBM 156"]
[Source "ChessBase"]
[SourceDate "2013.09.17"]
[SourceVersion "1"]
[SourceVersionDate "2013.09.17"]
[SourceQuality "1"]

1. e4 e5 2. Nf3 Nc6 3. Bb5 a6 4. Ba4 Nf6 5. O-O Be7 6. d3 {Die große neue
Mode.} ({Mit dem Theoriewust nach} 6. Re1 b5 7. Bb3 O-O 8. c3 d5 {
(Marshall-Angriff) mag sich heute kaum noch einer plagen.}) 6... b5 7. Bb3 d6
8. a3 {An dieser Stelle hat Weiß schon fast jeden Zug probiert. Beliebter
sind allerdings 8.c3 oder 8. a4} Bg4 (8... O-O 9. Nc3 Be6 10. Nd5 Nd4 11. Nxd4
exd4 12. Nxf6+ Bxf6 13. Bxe6 fxe6 14. Qg4 Qc8 15. f4 e5 16. f5 c5 17. Bg5 Kh8
18. Rf3 c4 19. Rh3 Bxg5 20. Qxg5 Rf6 21. g4 cxd3 22. cxd3 Qc2 23. Rc1 Qe2 24.
Rc7 Qe1+ 25. Kg2 Qe2+ 26. Kg1 Qe1+ 27. Kg2 Qe2+ 28. Kg1 {1/2-1/2 (28) Leko,P 
(2737)-Caruana,F (2796) Dortmund 2013}) 9. Be3 d5 10. h3 Bh5 {N} (10... Bxf3
11. Qxf3 d4 12. Bc1 O-O 13. Nd2 Qd6 14. Qe2 Nd7 15. Nf3 Bf6 16. Nh2 Nd8 17. Ng4
Ne6 18. Nxf6+ Nxf6 19. f4 Nd7 20. fxe5 Nxe5 21. Bd2 Rae8 22. Rf5 Kh8 23. Raf1
f6 24. Bd5 Qe7 25. Be1 g6 26. R5f2 Rc8 27. Qd1 Kg7 28. Qc1 h6 29. Bd2 g5 30.
Qe1 c5 31. h4 Nc7 32. Ba2 Ne6 33. hxg5 hxg5 34. Bxe6 Qxe6 35. Rf5 Ng6 36. Qf2
Nh4 37. Rd5 Ng6 38. Qg3 Rc6 39. Rdf5 Qe7 40. e5 Nxe5 41. Bxg5 Ng6 42. Bd2 Rh8
43. Rd5 Re6 44. Rff5 Rc6 45. Rf4 Qc7 46. Qg4 Rd6 47. Rff5 Rxd5 48. Rxd5 Rd8 49.
Rh5 Qe7 50. Rh6 Qf7 51. Qh5 Rh8 52. Rxh8 Nxh8 53. Qxc5 Qd7 54. Qh5 Nf7 55. Kf2
Ne5 56. Bh6+ Kg8 57. Bf4 Qd6 58. Bxe5 fxe5 59. g4 Qc6 60. Qxe5 Qxc2+ 61. Qe2
Qc1 62. Kf3 Qh1+ 63. Kf4 Qc1+ 64. Kf5 Qe3 65. Qg2 Kg7 66. Qb7+ Kf8 67. Qe4 Kf7
68. g5 Qh3+ 69. Ke5 Qh8+ 70. Kd5 Qa8+ 71. Kxd4 Qa7+ 72. Kd5 Qd7+ 73. Kc5 {
1-0 (73) Chacon,P (2586)-Biedermann,T (2438) ICCF email 2010}) 11. Nbd2 {
Sieht seltsam aus, aber der Le3 kann ja notfalls immer nach g5 ausweichen.} O-O
12. Re1 d4 13. Bg5 h6 14. Bxf6 Bxf6 15. Bd5 Qe8 16. Bxc6 (16. Rc1 $5 {hätte
die folgende Kombination im Optimierungssinn vorbereitet.} Rd8 (16... Bxf3 17.
Nxf3 Rd8 18. c3 $14) 17. Bxc6 Qxc6 18. Nxe5 Bxe5 19. Qxh5) 16... Qxc6 17. Nxe5
Bxe5 ({Oder} 17... Bxd1 18. Nxc6 Bxc2 {mit Verwicklungen:} 19. Nb4 Ba4 20. Nd5
(20. b3 Bg5 ({Nicht} 20... a5 $2 21. Nd5 Bg5 22. f4 $18) 21. Nf3 Bxb3 22. Nxg5
hxg5 23. Rec1 {Weiß steht aktiver.}) 20... Bc2 21. Nxc7 Ra7 22. Nd5 Bxd3 23.
Nxf6+ gxf6 24. Nb3 {mit etwas besseren Chancen für Weiß.}) 18. Qxh5 Qxc2 19.
Nf3 (19. Qxe5 Qxd2 20. Rab1 Qxd3 21. Rbd1 Qc2 22. Qxd4 $11) 19... f6 20. Nh4 {
Weiß hat am Königsflügel mehr Raum und nutzt diesen nun zu einem Angriff.
Schwarz übersieht oder überschätzt nun die weiße Drohung.} c5 $2 ({Richig
war der prophylaktische Zug} 20... Rf7 {aber auch dann besitzt Weiß nach} 21.
Nf5 Qxd3 22. Rad1 Qc4 23. Qg4 Kh7 24. f4 Bd6 25. Kh1 d3 26. Qf3 {die
Initaitive.}) 21. f4 Bc7 (21... Bxf4 22. Qd5+ ({Nicht} 22. Ng6 $2 Be3+ 23. Kh1
Rfe8 {und es ist nichts los.}) 22... Kh7 (22... Kh8 23. Ng6+ $18) 23. Qf5+ $18)
22. Nf5 $18 {"Springer auf f5 im Spanier gewinnt."} Rf7 {Nun wäre Dg6 mit der
Idee Sxh6 ein starker Zug. Aber dann käme Lxf4, was den Bauern h6 deckt. Wie
kann man es vorbereiten?} 23. Rf1 {Die zweitbeste Lösung. Es droht auch hier
nun Dg6.} (23. e5 {gewinnt stattdessen sofort.} fxe5 24. Qg6 Kf8 25. fxe5 $18)
23... Raf8 24. Rf3 {Weiß hat auch so starken Angriff. Die schwarze Dame ist
vom Rest seiner Truppen völlig abgeschnitten und spielt nicht mit.} ({Genauer
war allerdings} 24. Qg6 Kh8 25. Rf3) 24... Kh7 25. Raf1 Qd2 $2 ({Besser war} 
25... Qe2 {Weiß muss dann noch arbeiten:} 26. Nh4 c4 27. Qf5+ Kg8 28. Qg6 Kh8
29. Nf5 cxd3 30. Nxh6 Rd7 (30... gxh6 31. Qxh6+ Kg8 32. Rg3+ $18) 31. R3f2 gxh6
$1 (31... Qe3 32. Ng4 $18) 32. Rxe2 dxe2 33. Qxh6+ Kg8 34. Rb1 d3 35. Kf2 $16)
26. e5 $1 {Der etwas verspätete Ausheber entscheidet trotzdem die Partie.} (
26. Rg3 $2 Bxf4) 26... Bxe5 (26... fxe5 27. Rg3 Z0 {gefolgt von} 28. Rxg7+ Rxg7
29. Qxh6+ Kg8 30. Qxg7#) 27. R3f2 Qxd3 28. fxe5 fxe5 29. Rf3 Qd2 30. Nxh6 Rxf3
({Oder} 30... Qxh6 31. Qxh6+ Kxh6 32. Rxf7 Re8 {Die schwarzen Freibauern sind
keine echte Gefahr.} 33. Ra7 Re6 (33... e4 34. Rxa6+ Kh7 35. Rd6 $18) 34. Rff7
Kg5 35. Rxg7+ Kf4 36. Kf2 e4 37. Raf7+ Ke5 38. Rg5+ Kd6 39. Ra7 $18) 31. Nf7+
Qh6 $5 {Eine letzte Falle.} 32. Qxf3 (32. Nxh6 $4 Rxf1+ 33. Kh2 gxh6 $17) ({und
} 32. Qxh6+ gxh6 33. Rxf3 Re8 {kann man auch noch weiterspielen.}) (32. Qxf3
Qe6 33. Qh5+ Kg8 34. Qh8#) 1-0

[Event "Sigeman & Co 21st"]
[Site "Malmo"]
[Date "2013.05.28"]
[Round "7"]
[White "Grandelius, Nils"]
[Black "Sokolov, Ivan"]
[Result "1-0"]
[WhiteElo "2556"]
[BlackElo "2642"]
[Annotator "CB"]
[PlyCount "77"]
[EventDate "2013.05.22"]
[EventType "tourn"]
[EventRounds "7"]
[EventCountry "SWE"]
[EventCategory "15"]
[SourceTitle "CBM 155"]
[Source "ChessBase"]
[SourceDate "2013.07.16"]
[SourceVersion "1"]
[SourceVersionDate "2013.07.16"]
[SourceQuality "1"]

1. e4 e5 2. Nf3 Nc6 3. Bb5 a6 4. Ba4 Nf6 5. O-O Be7 6. d3 {Heute fast schon
beliebter als der Aufbau mit c3 und d4.} d6 7. c3 O-O 8. Re1 Nd7 9. Bc2 Nb6 10.
Be3 (10. a4 a5 11. Be3 Be6 12. Bxb6 cxb6 13. Na3 Qc7 14. Bb3 Rad8 15. Nc4 d5
16. exd5 Rxd5 17. Ne3 Rd6 18. Nc4 Rd5 19. Ne3 Rd6 {1/2-1/2 (19) Pilnik,H-Keres,
P Gothenburg 1955}) 10... d5 11. Nbd2 d4 12. cxd4 exd4 13. Bf4 Be6 14. Bb3 Nb4
15. Ne5 c5 16. Bxe6 fxe6 17. Bg3 Bd6 18. a3 Bxe5 19. axb4 Bxg3 20. hxg3 cxb4
21. Qb3 Qe7 $11 22. Nf3 Rad8 23. Rec1 Kh8 {Schwarz bereitet die Deckung des
Bauern d4 mit e6-e5 vor, was etwas Zeit kostet. Weiß nutz dies, um die
c-Linie zu besetzen.} (23... Qd6 $5 24. Rc2 Rc8) 24. Rc2 e5 25. Rac1 Nd7 $6 {
Erlaubt das Eindringen des schwarzen Turmes.} (25... Rc8 26. Rxc8 Rxc8 27.
Rxc8+ Nxc8 28. Qd5 {kann der Bauer e5 nicht mehr gedeckt werden. Schwarz hat
noch die Ausrede} Nb6 29. Qa5 ({Schlecht ist} 29. Qxe5 Qxe5 30. Nxe5 {wegen}
Na4 31. b3 $2 Nc5) 29... Qc7 ({Ungünstiger wäre} 29... Qd6 {auch wegen der
Gabel auf f7:} 30. Nxe5) 30. Nd2 (30. Nxe5 {erlaubt Dauerschach:} Qc1+ 31. Kh2
Qh6+) (30. Qxb4 Qc1+ 31. Kh2 Qh6+ $11) 30... Qc1+ 31. Nf1 Qc7 32. f4 {mit
weißem Vorteil. Aber Schwarz ist noch im Spiel.}) (25... Qd6 $5) 26. Rc7 (26.
Qd5 $5 {ist hier auch nicht schlecht.}) 26... Qd6 (26... b5 27. Qd5 $18) 27.
Qa4 (27. Rxb7 $4 Nc5) (27. Qa2 $5) 27... h6 $2 {Die Schwäche des Feldes g6
ist eine Einladung für den weißen Springer, hier mit einer Gabel
entscheidend einzugreifen.} ({Besser war} 27... Rf6) (27... Nb6 28. Qa5 $18)
28. Nh4 Rf7 (28... Nb6 29. Qb3 ({Weniger stark ist} 29. Qa5 {wegen} Rc8) 29...
Rc8 (29... a5 30. Rxb7) 30. Rxc8 Nxc8 31. Qd5 Qxd5 32. Ng6+ Kg8 33. exd5 Re8
34. Rxc8 Rxc8 35. Ne7+ $18) 29. Qa5 $6 {Verschenkt einen großen Teil des
Vorteils} (29. Qa2 Qf6 30. f3 g6 31. Qd5 $18) 29... b6 30. Qa2 (30. Qxa6 $2 Nc5
) 30... Qf6 $2 {Schwarz gibt das Geschenk zurück.} (30... Rf6 31. Nf5 Qf8 32.
Qxa6 Nc5 33. Qc4 Rxf5 $5 34. exf5 Qxf5 35. Rd1 Rf8 36. f3 Qg5 {mit Gegenspiel.}
) 31. f4 $18 Kh7 32. R1c6 Qe7 33. Qd5 exf4 34. Nf5 Qf8 35. Rd6 $6 ({Genauer
war das unaufgeregte} 35. gxf4 $18 {wonach Weiß das Feld e5 kontrolliert.})
35... fxg3 36. Nxg3 Qe8 {Es sieht so aus, als ob Schwarz an allen Ecken und
Enden gefesselt und gelähmt wäre. Tatscählich gibt es aber noch eine
versteckte Entlastungsidee.} 37. Nf5 g6 $2 ({Nach} 37... a5 {hat Schwarz noch
Remischancen:} 38. Nxd4 (38. Qxd4 b3 (38... Qe5 39. Rdxd7 Qxd4+ 40. Rxd4 Rxc7
41. Rxd8 a4 42. Rd4 $18) 39. Qd5 (39. Rd5 Qe6 40. Rd6 Qe5 41. Qxe5 Nxe5 42.
Rxf7 Nxf7 43. Rxb6 Rxd3) 39... a4 40. Ra7 b5 41. Qxb5 Qe5 42. Qxe5 Nxe5 43.
Rxa4 Rxd6 44. Nxd6 Rd7 $11) 38... Qe5 $1 39. Qxe5 Nxe5 40. Rxd8 Rxc7 {und
plötzlich liegt Schwarz vorne.}) 38. Nxd4 Kh8 39. Ne6 1-0